Statistics for MLB Baseball 30-30 Club

Click here to take the quiz!

General Stats

  • This quiz has been taken 6,224 times
    (819 since last reset)
  • The average score is 22 of 42

Answer Stats

# Player % Correct
5Bobby Bonds
85%
5Barry Bonds
85%
1Mike Trout
84%
1Mookie Betts
82%
1Christian Yelich
80%
2Ryan Braun
78%
1Alex Rodriguez
76%
1José Ramírez
73%
1Hanley Ramírez
73%
1Ronald Acuna Jr.
72%
2Willie Mays
66%
1Jimmy Rollins
63%
2Jeff Bagwell
63%
1Larry Walker
60%
2Vladimir Guerrero
60%
1José Canseco
57%
1Darryl Strawberry
56%
1Hank Aaron
56%
2Sammy Sosa
56%
1Carlos Beltrán
52%
4Alfonso Soriano
50%
1David Wright
50%
3Howard Johnson
49%
1Matt Kemp
47%
1Barry Larkin
44%
1Eric Davis
43%
1Ken Williams
43%
1Dale Murphy
42%
1Joe Carter
41%
1Dante Bichette
38%
1Jacoby Ellsbury
37%
1Shawn Green
36%
2Ian Kinsler
35%
1Grady Sizemore
34%
1Tommy Harper
33%
1José Cruz, Jr.
33%
1Preston Wilson
29%
2Ron Gant
29%
1Bobby Abreu
29%
1Brandon Phillips
28%
1Ellis Burks
27%
2Raúl Mondesí
22%

Score Distribution

Percentile by Number Answered

Percent of People with Each Score

Your Score History

You have not taken this quiz since the last reset